000
00320nam a2200133Ia 4500
005
20260328104311.0
008
260328s9999||||xx |||||||||||||| ||und||
100
_a
Gaeta, Julio C.
245
0
_a
Luis GarcĂa Pardo /
_c
Julio C. Gaeta
260
_b
Dos Puntos
300
_a
112 p.
650
_a
ARQUITECTOS
942
_c
BK
999
_c
10971
_d
10971